书目信息 |
| 题名: |
工商管理英语教程 下册
|
|
| 作者: | 张初愚 主编 | |
| 分册: | ||
| 出版信息: | 西安 西安交通大学出版社 2004.03 |
|
| 页数: | 257页 | |
| 开本: | 24cm | |
| 丛书名: | ||
| 单 册: | ||
| 中图分类: | H31-43 | |
| 科图分类: | ||
| 主题词: | 英语 | |
| 电子资源: | ||
| ISBN: | 7-5605-1618-1 | |
| 000 | 00571nam0 2200193 45 | |
| 001 | 0432640558 | |
| 005 | 2004042809040002 | |
| 010 | @a7-5605-1618-1@dCNY 22.00 | |
| 100 | @a20040428d2004 km y0chiy0120 ea | |
| 101 | 0 | @achi |
| 102 | @aCN@b610000 | |
| 200 | 1 | @a工商管理英语教程 下册@Agong shang guan li ying yu jiao cheng xia ce@f张初愚主编@Fzhang chu yu zhu bian |
| 210 | @a西安@c西安交通大学出版社@d2004.03 | |
| 215 | @a257页@d24cm | |
| 606 | 0 | @a英语 |
| 690 | 1 | @aH31-43@v4 |
| 701 | 0 | @a张初愚@Azhang chu yu@4主编 |
| 801 | 0 | @aCN@bPFT@c20040428 |
| 905 | @dH31-43@eZ080:2 | |
| 工商管理英语教程 下册/张初愚主编.-西安:西安交通大学出版社,2004.03 |
| 257页;24cm |
| ISBN 7-5605-1618-1:CNY 22.00 |
| ● |
| 相关链接 |
|
|
|
正题名:工商管理英语教程 下册
索取号:H31-43/Z080:2
 
预约/预借
| 序号 | 登录号 | 条形码 | 馆藏地/架位号 | 状态 | 备注 |
| 1 | 382667 | 203826672 | 语言库209/209语言库 93排4列3层/ [索取号:H31-43/Z080:2] | 在馆 | |
| 2 | 382668 | 203826681 | 语言库209/209语言库 93排4列3层/ [索取号:H31-43/Z080:2] | 在馆 | |
| 3 | 382669 | 203826690 | 语言库209/209语言库 93排4列3层/ [索取号:H31-43/Z080:2] | 在馆 |